000 00307nam a2200121Ia 4500
008 190723s9999 xx 000 0 und d
020 _a978-93-5213-512-7
100 _aMatthew Kirk
245 0 _aThoughtful Machine learning with Python
260 _aToky
_bO Reilly
_c2017
300 _a207:p
942 _cBK
999 _c1954
_d1954